| 000 | 00976cab a2200301 4500 | ||
|---|---|---|---|
| 001 | ABS58182 | ||
| 008 | 090401t1998 xxu||||| |||| 00| 0 eng d | ||
| 035 | _a(Sirsi) u83511 | ||
| 041 | _aeng | ||
| 100 | _aWhite, G. | ||
| 245 | _aSafeguarding against recession: Staying up when the economy dips down | ||
| 260 | _c1998 | ||
| 350 | _a0 | ||
| 490 |
_aProperty Week _v61(1) 9 January 1998, 22-23(2) |
||
| 520 | _aConsiders the positions of both landlord and tenant when a change in the economy means that the tenant looks to relocate and the provisions on assignment and underletting become relevant. | ||
| 650 | _aASSIGNMENT | ||
| 650 | _aLANDLORD AND TENANT (COVENANTS) ACT 1995 | ||
| 650 | _aLEASE TERMS | ||
| 650 | _aLEASES | ||
| 650 | _aMARKET CONDITIONS | ||
| 650 | _aRECESSION | ||
| 650 | _aSUB-LETTING | ||
| 650 | _aUNDERLETTING | ||
| 690 | _aLANDLORD AND TENANT-BUSINESS TENANCIES | ||
| 700 | _aVivian, J. | ||
| 942 | _n0 | ||
| 948 | _c04/02/1998 | ||
| 999 |
_c52745 _d52745 |
||